| 000 | 00427nam a22001697a 4500 | ||
|---|---|---|---|
| 003 | OSt | ||
| 005 | 20260202082730.0 | ||
| 008 | 260202b |||||||| |||| 00| 0 eng d | ||
| 020 | _a978-0-553-84079-7 | ||
| 040 |
_aDWCL-Main Lib _cOC |
||
| 082 | _aFic. G226 2009 | ||
| 100 | _aGardner, Lisa | ||
| 245 | _aThe neighbor | ||
| 260 |
_aNew York : _bBantam Books, _cc2009 |
||
| 300 |
_a483 p. ; _c21 cm. |
||
| 942 |
_2ddc _cFIC. _mFic. _n0 |
||
| 999 |
_c8137 _d8137 |
||